Analogovyje poluprovodnyje integraľnyje schemy SVČ
Saved in:
| Main Authors: | , , |
|---|---|
| Format: | Book |
| Language: | Russian |
| Published: |
Bratislava :
Radio i svjaz,
1985
|
| Tags: |
No Tags, Be the first to tag this record!
|
MARC
| LEADER | 00000nam a22000003a 4500 | ||
|---|---|---|---|
| 001 | stu86384 | ||
| 005 | 20150617225629.9 | ||
| 008 | 040428s1985------------------------rus-d | ||
| 040 | |a STU |b slo | ||
| 041 | 0 | |a rus | |
| 080 | |a 621.382.049.77 | ||
| 080 | |a 621.372.037.33 | ||
| 100 | 1 | |a Danilin, V.N. |4 aut | |
| 245 | 1 | |a Analogovyje poluprovodnyje integraľnyje schemy SVČ | |
| 260 | |a Bratislava : |b Radio i svjaz, |c 1985 | ||
| 300 | |a 191 s | ||
| 700 | 1 | |a Kušinirenko, A.I. |4 aut | |
| 700 | 1 | |a Petrov, G.V. |4 aut | |
| 996 | |b E58118 |c E*58118 |l EE11 |s P |a 0 |w stu86384_0001 | ||